| 000 | 00685cam a2200277 4500 | ||
|---|---|---|---|
| 008 | 010720n2000 000 0 eng u | ||
| 020 | _a0419259309 | ||
| 035 | _a(Sirsi) u113719 | ||
| 050 | _a711.52 | ||
| 100 | _aOrbasli, Aylin | ||
| 245 | _aTourists in historic towns : urban conservation and heritage management. | ||
| 260 |
_aLondon _bE & FN Spon _c2000 |
||
| 300 | _aix,210p. : ill. ; 25cm. | ||
| 650 | _aTOURISM | ||
| 650 | _aGRANADA | ||
| 650 | _aYORK | ||
| 650 | _aMDINA | ||
| 650 | _aMALTA | ||
| 650 | _aANTALYA | ||
| 650 | _aTURKEY | ||
| 650 | _aQUEDLINBURG | ||
| 650 | _aGERMANY | ||
| 650 | _aSPAIN | ||
| 690 | _aLEISURE AND RECREATION | ||
| 942 | _n0 | ||
| 999 |
_c101550 _d101550 |
||